Statistics for Ζώο, φυτό ή πράγμα; #2

Click here to take the quiz!

General Stats

  • This quiz has been taken 176 times
  • The average score is 9 of 15

Answer Stats

QuestionAnswer% Correct
ΚορμοράνοςΖώο
90%
ΜπικουτίΠράγμα
85%
ΚύμβαλοΠράγμα
80%
ΚαυκαλήθραΦυτό
68%
ΜπουχάραΠράγμα
67%
ΑλθαίαΦυτό
66%
ΚαλέντουλαΦυτό
62%
ΚιλίκιοΠράγμα
62%
ΓοφάριΖώο
62%
ΤρίτωναςΖώο
61%
ΔιωναίαΦυτό
54%
ΡαβέντιΦυτό
51%
ΦρίσσαΖώο
40%
ΜούστελοςΖώο
39%
ΚέαΖώο
17%

Score Distribution

Percentile by Number Answered

Percent of People with Each Score

Your Score History

You have not taken this quiz